Consumer behaviour / (Record no. 39827)

MARC details
000 -LEADER
fixed length control field 00740nam a22002177a 4500
005 - DATE AND TIME OF LATEST TRANSACTION
control field 20100806145013.0
010 ## - LCCN (DPL NO)
LC control number ENG-98503
020 ## - INTERNATIONAL STANDARD BOOK NUMBER
Terms of availability 80.00
035 ## - SYSTEM CONTROL NUMBER
System control number EN-82036
037 ## - SOURCE OF ACQUISITION
Source of stock number/acquisition DBAD/PUB
082 ## - DEWEY DECIMAL CLASSIFICATION NUMBER
Classification number 658.8342
100 ## - MAIN ENTRY--PERSONAL NAME
Dates associated with a name .
Personal name Balasubramaniam, D.
245 ## - TITLE STATEMENT
Title Consumer behaviour /
Statement of responsibility, etc by D. Balasubamaniam
260 ## - PUBLICATION, DISTRIBUTION, ETC. (IMPRINT)
Place of publication, distribution, etc Karodachery
Name of publisher, distributor, etc Aruna Pathippagam
Date of publication, distribution, etc 2008
270 ## - ADDRESS
Address 48/2008, 35, Gandhi Colony
City Karodachery
Postal code 613703
300 ## - PHYSICAL DESCRIPTION
Extent 100p.
Dimensions 21cm (pbk)
650 ## - SUBJECT ADDED ENTRY--TOPICAL TERM
Topical term or geographic name as entry element Consumers
650 ## - SUBJECT ADDED ENTRY--TOPICAL TERM
Topical term or geographic name as entry element Consumer behaviour
942 ## - ADDED ENTRY ELEMENTS (KOHA)
Source of classification or shelving scheme Dewey Decimal Classification
Item type English Books
Classification part 658.8342
Call number suffix BAL
Holdings
Withdrawn status Lost status Not for loan Collection code Home library Current library Date acquired Source of acquisition Cost, normal purchase price Full call number Barcode Copy number Cost, replacement price Koha item type
    Not For Loan Non-fiction D.B.Act.Division D.B.Act.Division 06/08/2010 DBAD/PUB 80.00 658.8342 BAL EN-82036 1 80.00 English Books

© Delhi Public Library
Hit Counter
free hit counter